000 01540nam a2200289 i 4500
003 IT-RoINE
005 20200515100825.0
008 000401s1971 it |r 1 1|||ita|d
040 _aSpMaBN
_cCDM IT-RoINE
_dIT-RoINE
041 0 _aeng
_afre
_ager
_aita
110 2 _aUniversità cattolica del Sacro Cuore.
_bCentro di studi medioevali.
_bSettimana Internazionale di Studio
_n(4ª.
_d1968.
_cPasso della Mendola, Italia)
_951729
245 1 3 _aIl monachesimo e la riforma ecclesiastica (1049- 1122) :
_batti della quaeta settimana internazionale di studio, Mendola, 23-29 agosto 1968.
260 _aMilano :
_bVita e Pensiero,
_c[1971]
300 _aXVI, 540 p. ;
_c24 cm.
336 _2rdacontent
_atext
337 _2rdamedia
_aunmediated
338 _2rdacarrier
_avolume
490 1 _aPubblicazioni dell'Università Cattolica del Sacro Cuore.
_aContributi.
_aSerie terza,
_aVaria ;
_v7
490 1 _aPubblicazioni dell'Università Cattolica del Sacro Cuore.
_aMiscellanea de Centro di Studi Medioevali ;
_v6
500 _aIncluye índices.
504 _aIncluye referencias bibliográficas en notas.
546 _aTextos en alemán, francés, inglés e italiano.
650 4 _aVida religiosa y monástica
_xHistoria
_y600-1500 (Edad media)
_vCongresos
_951730
830 0 _951719
_aPubblicazioni dell'Università cattolica del Sacro Cuore.
_nSerie terza,
_pContributi.
_pVaria ;
_v7
830 0 _951709
_aPubblicazioni dell'Università cattolica del Sacro Cuore.
_pMiscellanea del Centro di studi medioevali
_v6
942 _cMTS
999 _c26123
_d26123